| 000 | 00775nam a22001937a 4500 | ||
|---|---|---|---|
| 005 | 20240305101831.0 | ||
| 008 | 230530b ||||| |||| 00| 0 eng d | ||
| 040 |
_cSSBUL _dSSBUL |
||
| 082 |
_223 _a294.34435 |
||
| 100 | 0 |
_aKhemanada (Brahmana), _cAshin. _924622 |
|
| 245 | 0 | 0 |
_aVipassana Primary Text Book: ELementary Level (I) / _cAshin Khemananda (Brahamana); translated by Moe Phyu (M.B.A). |
| 260 |
_a[Yangon]: _bShwe Naing Ngan, _c2011. |
||
| 300 |
_a42 pages: _billus; _c21 cm. |
||
| 440 |
_aရန်ကင်းတောင်စာစဉ် _v၂၀။ _924623 |
||
| 500 | _aS-KN: Ashin Khemananda (Brahamana) | ||
| 650 |
_aMeditation _vBuddhism _xElementary level. _924624 |
||
| 700 | 0 |
_aMoe Phyu, tr. _924625 |
|
| 942 |
_2ddc _cBK1 _e23 _h294.34435 _kKh |
||
| 999 |
_c24874 _d24874 |
||